Compendio de la historia romana, desde la fundación de Roma hasta la batalla de Accio, extractado de los mejores autores, antiguos..

Detalles Bibliográficos
Autor principal: SIEVRAC, J. H.
Formato: Libro
Publicado: Londres s.d.
Materias:
Colección:Banco de datos
Acervo:Biblioteca del Ex Convento de Nuestra Señora de Guadalupe. Zacatecas
Tema general:Historia Civil
Notas:Buena. VII,9,6(2167). Tanto la portada como todo el libro tiene su texto paralelo en francés
LEADER 00851nam a22001930004500
035 |a 40883 
036 |a 2067 
100 1 |a SIEVRAC, J. H. 
245 1 0 |a Compendio de la historia romana, desde la fundación de Roma hasta la batalla de Accio, extractado de los mejores autores, antiguos.. 
260 |a Londres  |b ed. R. Ackermann, imprimiere de Milis, Jowett et Mill  |c s.d. 
500 |a Buena. VII,9,6(2167). Tanto la portada como todo el libro tiene su texto paralelo en francés 
650 1 0 |a Historia Civil 
949 |a CRZ-CG 
959 |a Ex convento de Nuestra Señora de Guadalupe, Museo Regional de Zacatecas, Zacatecas  |b CCC4 
960 |a Convento de Nuestra Señora de Guadalupe, Zacatecas  |b DD87 
961 |a Franciscana  |b OF 
942 |c CRZ-CG 
943 |g Biblioteca del Ex Convento de Nuestra Señora de Guadalupe. Zacatecas 
999 |c 965010  |d 965010